000
00312nam a2200145Ia 4500
100
_a
Welsh/Jim/ Elder/J
942
_c
BK
654
_a
pascal
245
_a
Introduction to PASCAL
260
_b
prentice hall
_a
New Delhi
_c
1987
082
_a
1.6424
_b
WEL/EL
300
_a
307
546
_a
ENGLISH
999
_c
33798
_d
33798